Southville International School and Colleges
Your cart is empty.
  • Cart
  • Lists
    Public lists Eva Luna New books Lux_list list_1
    Your lists Log in to create your own lists
  • Log in to your account
  • Your cookies
  • Search history
Southville International School and Colleges
  • Advanced search
  • Recent comments
  • Most popular
  • Libraries

Log in to your account

Log in with GOOGLE


If you do not have an external account, but do have a local account, you can still log in:

  1. Home
  2. MARC view: The golden globe /
Normal view MARC view ISBD view

The golden globe / (Record no. 1303)

[ view plain ]
MARC details
000 -LEADER
fixed length control field 01518cam a22003855a 4500
001 - CONTROL NUMBER
control field 17287254
003 - CONTROL NUMBER IDENTIFIER
control field OSt
005 - DATE AND TIME OF LATEST TRANSACTION
control field 20140310181705.0
008 - FIXED-LENGTH DATA ELEMENTS--GENERAL INFORMATION
fixed length control field 120507s1995 nyu j 000 1 eng d
010 ## - LIBRARY OF CONGRESS CONTROL NUMBER
LC control number 2012398154
020 ## - INTERNATIONAL STANDARD BOOK NUMBER
International Standard Book Number 1572970359
020 ## - INTERNATIONAL STANDARD BOOK NUMBER
International Standard Book Number 9781572970359
035 ## - SYSTEM CONTROL NUMBER
System control number (OCoLC)ocm33215289
040 ## - CATALOGING SOURCE
Original cataloging agency EOW
Transcribing agency EOW
Modifying agency OHI
-- OCL
-- BTCTA
-- DLC
042 ## - AUTHENTICATION CODE
Authentication code lccopycat
050 00 - LIBRARY OF CONGRESS CALL NUMBER
Classification number PZ 7
Item number .R521 1996
082 ## - DEWEY DECIMAL CLASSIFICATION NUMBER
Classification number KF
Item number R39sw 1995
100 1# - MAIN ENTRY--PERSONAL NAME
Personal name Richardson, Nancy.
9 (RLIN) 5960
245 14 - TITLE STATEMENT
Title The golden globe /
Statement of responsibility, etc Nancy Richardson.
250 ## - EDITION STATEMENT
Edition statement Boulevard ed.
260 ## - PUBLICATION, DISTRIBUTION, ETC. (IMPRINT)
Place of publication, distribution, etc New York :
Name of publisher, distributor, etc Boulevard Books :
-- Berkley Pub. Group,
Date of publication, distribution, etc c1995.
300 ## - PHYSICAL DESCRIPTION
Extent 122 p. ;
Dimensions 20 cm.
490 1# - SERIES STATEMENT
Series statement Star wars. Junior Jedi Knights ;
Volume number/sequential designation [1]
500 ## - GENERAL NOTE
General note "Boulevard YA science fiction"--Spine.
520 ## - SUMMARY, ETC.
Summary, etc Every night, Anakin Solo and his friend Tahiri both have the same dream of going down the river by the academy on a raft. In the dream they are drawn by the Force, but for all they know, it could be the dark side! There is only one way to find out for sure. They have to go down the river all by themselves--for real!
541 ## - IMMEDIATE SOURCE OF ACQUISITION NOTE
-- 1
562 ## - COPY AND VERSION IDENTIFICATION NOTE
Number of copies 1
630 00 - SUBJECT ADDED ENTRY--UNIFORM TITLE
Uniform title Star wars
Form subdivision Juvenile fiction.
9 (RLIN) 5961
655 #7 - INDEX TERM--GENRE/FORM
Genre/form data or focus term Science fiction.
Source of term gsafd
9 (RLIN) 1889
710 2# - ADDED ENTRY--CORPORATE NAME
Corporate name or jurisdiction name as entry element Copyright Paperback Collection (Library of Congress)
Institution to which field applies DLC
9 (RLIN) 705
830 #0 - SERIES ADDED ENTRY--UNIFORM TITLE
Uniform title Star wars.
Name of part/section of a work Junior Jedi Knights ;
Volume number/sequential designation [1].
9 (RLIN) 5962
906 ## - LOCAL DATA ELEMENT F, LDF (RLIN)
a 0
b ibc
c copycat
d 2
e ncip
f 20
g y-genrareb
942 ## - ADDED ENTRY ELEMENTS (KOHA)
Source of classification or shelving scheme Library of Congress Classification
Koha item type
Call number prefix
Holdings
Withdrawn status Lost status Source of classification or shelving scheme Damaged status Home library Current library Shelving location Date acquired Total Checkouts Full call number Barcode Date last seen Copy number Price effective from Koha item type
    Library of Congress Classification   Luxembourg Library Luxembourg Library Kids Fiction Section 11/21/2012   PZ 7 .R521 1996 4037 08/13/2013 1 10/03/2013 Books

The golden globe /

APA

Richardson N., Copyright Paperback Collection (Library of Congress), . (1995). The golden globe. New York: Boulevard Books.

Chicago

Richardson Nancy, Copyright Paperback Collection (Library of Congress), . 1995. The golden globe. New York: Boulevard Books.

Harvard

Richardson N., Copyright Paperback Collection (Library of Congress), . (1995). The golden globe. New York: Boulevard Books.

MLA

Richardson Nancy, Copyright Paperback Collection (Library of Congress), . The golden globe. New York: Boulevard Books. 1995.

  • Place hold
  • Print
  • Cite
  • Add to your cart (remove)
  • Save record
    BIBTEX Dublin Core MARCXML MARC (non-Unicode/MARC-8) MARC (Unicode/UTF-8) MARC (Unicode/UTF-8, Standard) MODS (XML) RIS
  • More searches
    Search for this title in:
    Other Libraries (WorldCat) Other Databases (Google Scholar) Online Stores (Bookfinder.com) Open Library (openlibrary.org)

Exporting to Dublin Core...

SOUTHVILLE LIBRARY

Southville International School and Colleges Library

1281 Tropical Ave. Cor. Luxembourg St., BF Homes International, Las Pinas City

Tel. No. 8256374 / 252358 Loc. 117/146

Powered by Koha